| 000 | 00356nam a22001337a 4500 | ||
|---|---|---|---|
| 082 |
_a967.61 _bJOH |
||
| 100 |
_aJohnston, Harry _950167 |
||
| 245 |
_aThe uganda protectorate _cHarry, Johnston |
||
| 260 |
_aLondon _bHutchinson & Co _c1904 |
||
| 300 | _axxxvi, 470 p.: | ||
| 526 |
_a0 _b0 _c0 _d967_610000000000000_JOH |
||
| 650 |
_aMCE _9379 |
||
| 942 |
_2ddc _cBK |
||
| 999 |
_c552894 _d552894 |
||